He via o te Tupahotu

সংরক্ষণ করুন:
গ্রন্থ-পঞ্জীর বিবরন
প্রধান লেখক: Tepano Pont, Marcelo (Author)
বিন্যাস: গ্রন্থ
ভাষা:রাপানুই
স্প্যানিশ
প্রকাশিত: Valparaíso Taller de Escritores Rapa Nui 1985
সংস্করন:1a. ed
বিষয়গুলি:
ট্যাগগুলো: ট্যাগ যুক্ত করুন
কোনো ট্যাগ নেই, প্রথমজন হিসাবে ট্যাগ করুন!

MARC

LEADER 00000nam a2200000 a 4500
001 UCG3766
003 CL-VaPUC
008 100916e19851100cl |||||||||||||||||rap|d
041 0 7 |a rap  |2 CL-VaPUC 
041 0 7 |a spa  |2 CL-VaPUC 
082 0 4 |a 918.3  |b TEP  |2 21 
100 0 |a Tepano Pont, Marcelo  |e author  |9 553052 
245 1 0 |a He via o te Tupahotu 
246 1 3 |a La vida de los Tupahotu 
250 |a 1a. ed 
300 |a 38 p 
942 |c BK 
945 |d 20100916 00:00:00  |a dcastane 
260 |a Valparaíso  |b Taller de Escritores Rapa Nui  |c 1985 
650 7 |a LITERATURA RAPA NUI  |2 CL-VaPUC  |9 505266 
650 7 |a CUENTO RAPA NUI  |2 CL-VaPUC  |9 505267 
650 7 |a MITOLOGIA RAPA NUI  |2 CL-VaPUC  |9 505268 
651 0 |a Rapa Nui (Isla de Pascua)  |9 496097 
651 7 |a CHILE  |2 CL-VaPUC  |9 553053 
583 |a last modification  |c 20171214 01:12:51  |k Rodrigo Vera 
999 |c 342768  |d 342766 
952 |0 0  |1 0  |4 0  |6 918_300000000000000_TEP_1985  |7 0  |8 X  |9 439269  |a FDOBUD  |b FDOBUD  |d 2019-11-22  |i 4711122  |o 918.3 TEP 1985  |p 4711122  |r 2019-11-22  |w 2019-11-22  |y BK_X  |k BUD